Spracovanie filmu na počítači a komparatívna analýza video formátov : Bakalárska práca

Enregistré dans:
Détails bibliographiques
Auteur principal: Sobinovský, Ľubomír (Auteur)
Autres auteurs: Vaský, Jozef, 1955- (xxx)
Format: Manuscrit Livre
Langue:slovaque
Publié: Trnava : STU v Bratislave MtF KAIA, 2005
Sujets:
Tags: Ajouter un tag
Pas de tags, Soyez le premier à ajouter un tag!

MARC

LEADER 00000ntm a22000003a 4500
001 stu96299
005 20160719155328.6
008 051018s2005----xo------------------slo-d
040 |a STU  |b slo 
041 0 |a slo 
044 |a xo 
100 1 |a Sobinovský, Ľubomír  |4 aut 
245 1 |a Spracovanie filmu na počítači a komparatívna analýza video formátov :  |b Bakalárska práca 
260 |a Trnava :  |b STU v Bratislave MtF KAIA,  |c 2005 
300 |a 48 s  |c 1 CD 
650 7 |a aplikovaná informatika a automatizácia v priemysle  |2 stusub 
650 7 |a video formáty  |2 stusub 
700 1 |a Vaský, Jozef,  |d 1955-  |4 xxx  |u M6000  |U MTF Materiálovotechnologická fakulta  |T MTF Ústav aplikovanej informatiky, automatizácie a matematiky  |X 322  |U M6000  |Y 86  |7 A000000322 
996 |b 284M063184  |c M*BP-1665  |l MMSKP  |s P  |a 0  |w stu96299_0001